|
|
|
|
| LEADER |
00000nam a2200000 i 4500 |
| 001 |
ELB215547 |
| 003 |
FINmELB |
| 005 |
20220608121057.0 |
| 006 |
m o u |
| 007 |
cr cn||||||||| |
| 008 |
220607s2020 sp o 000 0 spa |
| 020 |
|
|
|a 9788491819011
|q (e-book)
|
| 020 |
|
|
|z 9788491819004
|
| 035 |
|
|
|a (OCoLC)1332520188
|
| 040 |
|
|
|a FINmELB
|b spa
|e rda
|c FINmELB
|
| 050 |
|
4 |
|a HD5857
|b .R384 2020
|
| 082 |
0 |
4 |
|a 331.25729
|2 23
|
| 100 |
1 |
|
|a Ravenelle, Alexandrea J.,
|e autor.
|
| 245 |
1 |
0 |
|a Precariedad y pérdida de derechos /
|c Alexandrea J. Ravenelle; traductor Francisco Muñoz de Bustillo.
|
| 264 |
|
1 |
|a Madrid :
|b Alianza,
|c 2020.
|
| 300 |
|
|
|a 1 recurso en línea (336 páginas)
|
| 336 |
|
|
|a texto
|b txt
|2 rdacontent/spa
|
| 337 |
|
|
|a computadora
|b c
|2 rdamedia/spa
|
| 338 |
|
|
|a recurso en línea
|b cr
|2 rdacarrier/spa
|
| 490 |
0 |
|
|a Alianza Ensayo ;
|v 777
|
| 588 |
|
|
|a Descripción basada en metadatos suministrados por el editor y otras fuentes.
|
| 590 |
|
|
|a Recurso electrónico. Santa Fe, Arg.: elibro, 2022. Disponible vía World Wide Web. El acceso puede estar limitado para las bibliotecas afiliadas a elibro.
|
| 650 |
|
4 |
|a Economía colaborativa.
|
| 650 |
|
4 |
|a Empleo precario.
|
| 650 |
|
4 |
|a Economía laboral.
|
| 655 |
|
4 |
|a Libros electrónicos.
|
| 797 |
2 |
|
|a elibro, Corp.
|
| 856 |
4 |
0 |
|u https://elibro.uam.elogim.com/ereader/bidiuam/215547
|z Texto completo
|